Desarrollo comercial y naviero en los comienzos del Chile republicano, 1811-1864.

Uloženo v:
Podrobná bibliografie
Hlavní autor: Carrera Núñez, José Miguel (autor)
Médium: Kniha
Vydáno: Valparaíso, Chile: Ediciones Universitarias de Valparaíso, 2017.
Témata:
Tagy: Přidat tag
Žádné tagy, Buďte první, kdo vytvoří štítek k tomuto záznamu!

MARC

LEADER 00000cam a2200000 a 4500
001 UCC1771
003 CL-VaPUC
005 20230413172525.0
008 221005t2017 ||||| |||| 00| 0 eng d
999 |c 370140  |d 370138 
020 |a 978-956-17-0724-5 
040 |c Pontificia Universidad Católica de Valparaíso 
082 0 4 |a 983.061 CAR 2017  |2 21 
100 0 |a Carrera Núñez, José Miguel  |e autor  |9 595847 
245 1 0 |a Desarrollo comercial y naviero en los comienzos del Chile republicano, 1811-1864. 
260 |a Valparaíso, Chile:  |b Ediciones Universitarias de Valparaíso,  |c 2017. 
300 |a 162 páginas. 
500 |a c.2. Donación Rector saliente Claudio Elortegui, Julio 2022. Sin memo. Ingresado Octubre 2022. c.3. Donación Ricardo Iglesias. Memo HIS/006 2023. 
583 |a last modification  |c 20171124 15:27:00  |k Rodrigo Vera 
650 0 |a Historia de Chile   |9 322385 
650 0 |a Desarrollo económico y social   |9 256320 
650 7 |a Economía nacional  |2 CL-VaPUC  |9 338222 
942 |c BK  |2 ddc 
945 |d 20171124 15:27:00  |a dcastane 
952 |0 0  |1 0  |3 erb  |4 0  |6 983_061000000000000_CAR_2017  |7 0  |8 A  |9 486455  |a BIBHIS  |b BIBHIS  |i 5438535  |o 983.061 CAR 2017  |p 5438535  |r 2025-01-20  |w 2019-11-24  |y BK  |z Catalogado en:20171124  |k HIS 
952 |0 0  |1 0  |2 ddc  |4 0  |6 983_061000000000000_CAR_2017  |7 0  |8 A  |9 587078  |a BIBHIS  |b BIBHIS  |c GEN  |d 2022-10-05  |e Donación  |i 5655015  |o 983.061 CAR 2017  |p 5655015  |r 2025-01-20  |t 2  |w 2022-10-05  |y BK  |k HIS 
952 |0 0  |1 0  |2 ddc  |4 0  |6 983_061000000000000_CAR_2017  |7 0  |8 A  |9 589630  |a BIBHIS  |b BIBHIS  |d 2023-04-13  |e Donación  |i 5657138  |o 983.061 CAR 2017  |p 5657138  |r 2025-01-20  |t 3  |w 2023-04-13  |y BK  |k HIS